[Event "Olimpiade 2016 - Donne"]
[Site "Baku"]
[Date "12.09.2016"]
[Round "10.16"]
[Board "2"]
[White "Fronda, Jan Jodilyn"]
[Black "Brunello, Marina"]
[Result "0-1"]
[WhiteTitle "WIM"]
[BlackTitle "FM"]
[WhiteElo "2128"]
[BlackElo "2376"]
[WhiteTeam "Philippines"]
[BlackTeam "Italy"]
[WhiteFideId "5204585"]
[BlackFideId "822590"]
[EventDate "2016.09.02"]

1. d4 d5 2. c4 e6 3. Nf3 Nf6 4. Nc3 c6 5. cxd5 exd5 6. Bg5 Be7 7. Qc2 O-O 8. e3
Nbd7 9. Bd3 Re8 10. O-O Nf8 11. Rab1 a5 12. a3 h6 13. Bh4 Ne4 14. Bxe7 Qxe7 15.
Bxe4 dxe4 16. Nd2 Bf5 17. b4 axb4 18. axb4 Nd7 19. Na4 Qg5 20. Kh1 Nf6 21. Nc3
Ng4 22. h3 Nf6 23. Ne2 Nd5 24. Nc4 Re6 25. Ng3 Bh7 26. b5 Rc8 27. Qd2 Bg6 28.
Na5 cxb5 29. Rxb5 b6 30. Qa2 Rd8 31. Nb7 Rd7 32. Ne2 Re8 33. Qc4 f6 34. Qc6 Rc7
35. Qd6 Rxb7 36. Rxd5 f5 37. Qc6 Reb8 38. Nf4 Be8 39. Qd6 b5 40. Re5 b4 41. Rb1
Bf7 42. Qc5 g6 43. Qa5 b3 44. Rb2 Qd8 45. Qc3 Qd6 46. Rc5 Ra7 47. Rc6 Qb4 48.
Rc8+ Kh7 49. d5 Qxc3 50. Rxc3 Rab7 51. Rc5 Kg7 52. Ne2 Kf6 53. Nd4 Ke5 54. Ra5
Kd6 55. Nc6 Rc8 56. Ra6 Kxd5 57. Na5 Rc2 58. Rxb3 Rxb3 59. Nxb3 Rxf2 60. Nd4 f4
61. Ra5+ Kc4 62. Ra4+ Kd3 63. Ra3+ Kd2 64. exf4 e3 65. Ra7 Rxf4 66. Rd7 Ke1 67.
Kg1 Rf1+ 68. Kh2 Bc4 69. Kg3 Rf6 70. Nc2+ Ke2 71. Re7 Be6 72. Nd4+ Kf1 73. Nxe6
e2 74. Nf4 e1=Q+ 75. Rxe1+ Kxe1 76. h4 Ra6 77. Kf3 Ra3+ 78. Kg4 Ra6 79. Kf3 Kd2
80. Ke4 Rc6 81. Kd4 Ke1 82. Ke3 Rc3+ 83. Nd3+ Kf1 84. g4 Kg2 85. Kd4 Rxd3+ 86.
Kxd3 Kg3 87. g5 h5 88. Ke4 Kxh4 89. Kf4 Kh3 90. Ke5 Kg4 91. Kf6 h4 92. Kxg6 h3
93. Kf6 h2 94. g6 h1=Q 95. g7 Qd5 96. Kg6 Qg8 97. Kh6 Kf5 0-1

[Event "Olimpiade 2016 - Donne"]
[Site "Baku"]
[Date "12.09.2016"]
[Round "10.16"]
[Board "3"]
[White "Movileanu, Daniela"]
[Black "Bernales, Christy Lamiel"]
[Result "1/2-1/2"]
[WhiteTitle "WFM"]
[WhiteElo "2268"]
[BlackElo "2065"]
[WhiteTeam "Italy"]
[BlackTeam "Philippines"]
[WhiteFideId "873349"]
[BlackFideId "5204534"]
[EventDate "2016.09.02"]

1. e4 e6 2. d4 d5 3. Nd2 c5 4. exd5 Qxd5 5. dxc5 Bxc5 6. Ngf3 Nf6 7. Bc4 Qh5 8.
O-O O-O 9. Qe2 Nc6 10. a3 a6 11. Bd3 b5 12. Ne4 Bb7 13. b4 Nxe4 14. Bxe4 Bd6 15.
h3 Nd4 16. Nxd4 Qxe2 17. Bxh7+ Kxh7 18. Nxe2 Be5 19. c3 Rfd8 20. Be3 Rac8 21.
Rfd1 Rxd1+ 22. Rxd1 Bd5 23. Bc5 Bc4 24. Nd4 Rd8 25. g3 g5 26. Ra1 Bxd4 27. cxd4
Bb3 28. Rc1 Rc8 29. Rc3 Bd5 30. Re3 Kg6 31. g4 f6 32. Kh2 Rh8 33. Kg3 Rh7 34. f4
Rd7 35. Re2 Rh7 36. Rf2 gxf4+ 37. Rxf4 Kg5 38. Rf1 Be4 39. Re1 Bd5 40. Bd6 Bc4
41. h4+ Kg6 42. h5+ Kf7 43. Kh4 Rg7 44. Re3 Kg8 45. Bc5 Kh7 46. Bb6 Rg8 47. Rf3
Rf8 48. Kg3 Kh6 49. Bc7 Kg7 50. Be5 Be2 51. Rxf6 Rxf6 52. g5 Bxh5 53. Bxf6+ Kf7
54. Kf4 Ke8 55. Ke5 Kd7 56. d5 exd5 57. Kxd5 Bg6 58. Kc5 Ke6 59. Kb6 Bc2 60.
Kxa6 Ba4 61. Kb6 Kf5 62. Kc6 Kg6 63. Bd8 Kf5 64. Kd6 Kg6 1/2-1/2

[Event "Olimpiade 2016 - Donne"]
[Site "Baku"]
[Date "12.09.2016"]
[Round "10.16"]
[Board "4"]
[White "Mendoza, Shania Mae"]
[Black "Di Benedetto, Desiree"]
[Result "1-0"]
[WhiteTitle "WFM"]
[BlackTitle "WFM"]
[WhiteElo "1965"]
[BlackElo "2183"]
[WhiteTeam "Philippines"]
[BlackTeam "Italy"]
[WhiteFideId "5211158"]
[BlackFideId "875813"]
[EventDate "2016.09.02"]

1. d4 Nf6 2. c4 e6 3. Nf3 d5 4. g3 Be7 5. Bg2 O-O 6. O-O c6 7. Nc3 Nbd7 8. Nd2
b6 9. Re1 Bb7 10. e4 dxc4 11. Nxc4 b5 12. Ne3 b4 13. Ne2 Nb6 14. e5 Nfd5 15.
Nxd5 cxd5 16. Nf4 a5 17. Qg4 Kh8 18. Bf1 Ba6 19. Nd3 Nd7 20. Be3 Qb6 21. Rac1
Rfc8 22. h4 a4 23. Bd2 Bc4 24. b3 axb3 25. axb3 Bxb3 26. Qf3 Ba4 27. Qxf7 Bf8
28. Be3 Re8 29. Nf4 Bb5 30. Bxb5 Qxb5 31. Nxe6 Re7 32. Nc7 Rxf7 33. Nxb5 Rb8 34.
e6 Rxb5 35. exf7 b3 36. Rb1 b2 37. Bd2 g6 38. Re8 Kg7 39. Rd8 Nb6 40. Rb8 Kxf7
41. Bf4 Bg7 42. Rb7+ Kg8 43. Kg2 Rb3 44. Bd6 Bxd4 45. Re1 Be3 46. Rxe3 Rxe3 47.
Rxb6 Re6 48. Rb8+ Kf7 49. Ba3 d4 50. Rb7+ Kf6 51. Bxb2 Rd6 52. Rb6 1-0

[Event "Olimpiade 2016 - Donne"]
[Site "Baku"]
[Date "12.09.2016"]
[Round "10.17"]
[Board "1"]
[White "Goossens, Hanne"]
[Black "Rapport, Jovana"]
[Result "0-1"]
[WhiteTitle "WFM"]
[BlackTitle "WGM"]
[WhiteElo "2149"]
[BlackElo "2318"]
[WhiteTeam "Belgium"]
[BlackTeam "Serbia"]
[WhiteFideId "200468"]
[BlackFideId "937266"]
[EventDate "2016.09.02"]

1. e4 e6 2. d4 d5 3. exd5 exd5 4. Bd3 Bd6 5. Qf3 Nf6 6. Bg5 Bg4 7. Qxg4 Nxg4 8.
Bxd8 Kxd8 9. Nc3 Re8+ 10. Nge2 c6 11. h3 Nf6 12. O-O Nbd7 13. Rfe1 g6 14. g3 Ne4
15. Kg2 Kc7 16. f3 Nef6 17. Ng1 b5 18. h4 Nh5 19. Rxe8 Rxe8 20. Nce2 a6 21. a4
Kb6 22. axb5 axb5 23. Kf2 f5 24. Nh3 Kb7 25. b3 Re7 26. c4 dxc4 27. bxc4 c5 28.
cxb5 cxd4 29. Rd1 Nb6 30. f4 Nf6 31. Ng5 Ng4+ 32. Kg1 Na4 33. Nxd4 Bc5 34. Nf3
Re3 35. Kg2 Nb2 36. Bxf5 gxf5 37. Rd2 Nc4 38. Ra2 Nd6 39. Rb2 Kb6 40. Ne2 Nc4
41. Ra2 Rd3 42. Ng5 Nce3+ 43. Kf3 Nc2+ 44. Kg2 Rd2 45. Ra6+ Kxb5 46. Re6 Nd4 47.
Re8 Nxe2 48. Nxh7 Nxf4+ 49. Kf1 Nh2+ 50. Ke1 Nf3+ 51. Kf1 Rd1+ 0-1

[Event "Olimpiade 2016 - Donne"]
[Site "Baku"]
[Date "12.09.2016"]
[Round "10.17"]
[Board "2"]
[White "Chelushkina, Irina"]
[Black "Barbier, Wiebke"]
[Result "1-0"]
[WhiteTitle "WGM"]
[WhiteElo "2221"]
[BlackElo "2008"]
[WhiteTeam "Serbia"]
[BlackTeam "Belgium"]
[WhiteFideId "928615"]
[BlackFideId "207977"]
[EventDate "2016.09.02"]

1. g3 d6 2. Bg2 Nf6 3. d4 g6 4. Nc3 Bg7 5. a4 a5 6. e4 Nbd7 7. h3 e5 8. Nge2 O-O
9. O-O c6 10. Be3 Qc7 11. f4 Re8 12. fxe5 dxe5 13. d5 Bf8 14. g4 cxd5 15. Nb5
Qd8 16. exd5 Bc5 17. Bxc5 Nxc5 18. Nec3 Kg7 19. Qf3 Rf8 20. Qe3 Nfd7 21. Nd6 Qb6
22. Nc4 Qd8 23. g5 Qe7 24. Rae1 Ra6 25. d6 Qe8 26. Nb5 Ne6 27. Nxe5 Nxg5 28.
Qxg5 f6 29. Nxd7 fxg5 30. Nxf8 Qd8 31. Re7+ Kg8 32. Bd5+ 1-0

[Event "Olimpiade 2016 - Donne"]
[Site "Baku"]
[Date "12.09.2016"]
[Round "10.17"]
[Board "3"]
[White "Dierckens, Sarah"]
[Black "Eric, Jovana"]
[Result "0-1"]
[BlackTitle "WIM"]
[WhiteElo "1830"]
[BlackElo "2161"]
[WhiteTeam "Belgium"]
[BlackTeam "Serbia"]
[WhiteFideId "205745"]
[BlackFideId "938238"]
[EventDate "2016.09.02"]

1. e4 c5 2. Nf3 Nc6 3. d4 cxd4 4. Nxd4 e5 5. Nb5 d6 6. N1c3 a6 7. Na3 Be7 8. Nd5
Nf6 9. Nxe7 Qxe7 10. f3 O-O 11. Bg5 h6 12. Bh4 Rd8 13. c3 Be6 14. Bc4 Bxc4 15.
Nxc4 d5 16. exd5 g5 17. Bf2 Nxd5 18. Qc2 Rac8 19. O-O-O Ncb4 20. Qb3 b5 21. Ne3
Nxc3 22. bxc3 Rxc3+ 23. Qxc3 Nxa2+ 24. Kb2 Nxc3 25. Rxd8+ Qxd8 26. Kxc3 b4+ 27.
Kc2 Qc7+ 28. Kb1 Qc3 29. Nd1 Qd3+ 30. Ka1 b3 31. Nb2 Qd2 32. Bb6 Qb4 0-1

[Event "Olimpiade 2016 - Donne"]
[Site "Baku"]
[Date "12.09.2016"]
[Round "10.17"]
[Board "4"]
[White "Drljevic, Ljilja"]
[Black "Barbier, Astrid"]
[Result "1-0"]
[WhiteTitle "WIM"]
[WhiteElo "2207"]
[BlackElo "1825"]
[WhiteTeam "Serbia"]
[BlackTeam "Belgium"]
[WhiteFideId "928879"]
[BlackFideId "200395"]
[EventDate "2016.09.02"]

1. e4 c5 2. d3 g6 3. g3 Bg7 4. Bg2 Nc6 5. f4 d6 6. Nf3 Nf6 7. O-O O-O 8. h3 Rb8
9. a4 a6 10. Nc3 Bd7 11. g4 b5 12. axb5 axb5 13. Ne2 Ne8 14. c3 e6 15. d4 c4 16.
Be3 Na5 17. Ng3 Nb3 18. Rb1 Nc7 19. Nd2 Nxd2 20. Qxd2 d5 21. f5 dxe4 22. fxg6
hxg6 23. Nxe4 Nd5 24. Bh6 f6 25. Rbe1 Rb6 26. Bxg7 Kxg7 27. g5 f5 28. Nc5 Nc7
29. Re5 Bc8 30. Rfe1 Rh8 31. d5 Rh5 32. Qd4 Kf7 33. Nxe6 Nxe6 34. dxe6+ Ke8 35.
Rd5 Qc7 36. Rd7 Qb8 37. Rd8+ 1-0

[Event "Olimpiade 2016 - Donne"]
[Site "Baku"]
[Date "12.09.2016"]
[Round "10.18"]
[Board "1"]
[White "Mammadova, Narmin"]
[Black "Ziaziulkina, Nastassia"]
[Result "1/2-1/2"]
[WhiteTitle "WIM"]
[BlackTitle "IM"]
[WhiteElo "2230"]
[BlackElo "2382"]
[WhiteTeam "Azerbaijan 3"]
[BlackTeam "Belarus"]
[WhiteFideId "13403710"]
[BlackFideId "13505211"]
[EventDate "2016.09.02"]

1. e4 c5 2. c3 Nf6 3. e5 Nd5 4. Bc4 Nb6 5. Bb3 d5 6. exd6 Qxd6 7. Nf3 c4 8. Bc2
Qe6+ 9. Qe2 Qxe2+ 10. Kxe2 g6 11. b3 Bg7 12. Na3 cxb3 13. axb3 Nc6 14. d4 O-O
15. Rd1 Rd8 16. h3 e5 17. dxe5 Rxd1 18. Bxd1 Nxe5 19. Nd4 Bd7 20. Kf1 a6 21. Be2
Nc6 22. Nac2 Nxd4 23. Nxd4 Bxd4 24. cxd4 Be6 25. Bd2 Rc8 26. Ba5 Nd5 27. Bf3 Rc2
28. Rb1 Kg7 29. Be1 Rc7 30. Ba5 Rc2 31. Be1 Rc7 32. Ba5 Rc2 1/2-1/2

[Event "Olimpiade 2016 - Donne"]
[Site "Baku"]
[Date "12.09.2016"]
[Round "10.18"]
[Board "2"]
[White "Stetsko, Lanita"]
[Black "Balajayeva, Khanim"]
[Result "1-0"]
[WhiteTitle "FM"]
[BlackTitle "WFM"]
[WhiteElo "2170"]
[BlackElo "2147"]
[WhiteTeam "Belarus"]
[BlackTeam "Azerbaijan 3"]
[WhiteFideId "13505300"]
[BlackFideId "13406396"]
[EventDate "2016.09.02"]

1. e4 e5 2. Nf3 Nc6 3. d4 exd4 4. Nxd4 Bc5 5. Nxc6 Qf6 6. Qf3 dxc6 7. Bc4 h5 8.
Nc3 h4 9. Qxf6 Nxf6 10. Bf4 Ng4 11. f3 Ne3 12. Bxe3 Bxe3 13. Ke2 Bc5 14. Rad1 b5
15. Bd3 Bd7 16. Kd2 Bd4 17. Rde1 Be5 18. g3 g5 19. Ke3 hxg3 20. hxg3 Ke7 21. f4
gxf4+ 22. gxf4 Bxc3 23. bxc3 c5 24. e5 Bc6 25. Be4 Bxe4 26. Kxe4 c6 27. Rd1 f6
28. Rxh8 Rxh8 29. exf6+ Ke6 30. f5+ Kxf6 31. Rd6+ Ke7 32. Rxc6 Rh4+ 33. Ke5 Rc4
34. f6+ Kf8 35. Ke6 Re4+ 36. Kd5 Re2 37. Kxc5 Rxc2 38. Kxb5 Rxa2 39. Ra6 Rb2+
40. Kc5 Rb7 41. c4 Kf7 42. Kc6 Rb1 43. Rxa7+ Kxf6 44. c5 Ke6 45. Ra2 Rb3 46.
Re2+ Kf7 47. Kc7 1-0

[Event "Olimpiade 2016 - Donne"]
[Site "Baku"]
[Date "12.09.2016"]
[Round "10.18"]
[Board "3"]
[White "Beydullayeva, Govhar"]
[Black "Badelka, Olga"]
[Result "0-1"]
[WhiteTitle "WCM"]
[WhiteElo "1994"]
[BlackElo "2222"]
[WhiteTeam "Azerbaijan 3"]
[BlackTeam "Belarus"]
[WhiteFideId "13413015"]
[BlackFideId "13509926"]
[EventDate "2016.09.02"]

1. d4 d5 2. c4 dxc4 3. Nf3 Nf6 4. e3 b5 5. a4 b4 6. Bxc4 e6 7. O-O Bb7 8. Nbd2
Be7 9. Qe2 O-O 10. Rd1 c5 11. Bd3 Nbd7 12. Nc4 Qc7 13. e4 cxd4 14. Nxd4 Nc5 15.
Nb5 Qb8 16. e5 Nd5 17. Nbd6 Ba6 18. Qg4 Bxd6 19. exd6 f5 20. Qe2 Qc8 21. Ne5
Nxd3 22. Nxd3 Qd7 23. Qe5 Bxd3 24. Rxd3 f4 25. Bd2 Rf5 26. Qe4 a5 27. Re1 Re8
28. Qc4 Qxd6 29. Qb5 Ra8 30. Rd4 f3 31. g3 Re5 32. Rc1 Re2 33. Bf4 Qb6 34. Qxb6
Nxb6 35. Rd2 Nxa4 36. Rxe2 fxe2 37. b3 Rd8 38. Re1 Rd1 39. Bd2 Rxd2 40. bxa4 Rd1 0-1

[Event "Olimpiade 2016 - Donne"]
[Site "Baku"]
[Date "12.09.2016"]
[Round "10.18"]
[Board "4"]
[White "Bogdan, Ekaterina"]
[Black "Allahverdiyeva, Ayan"]
[Result "0-1"]
[WhiteTitle "WFM"]
[BlackTitle "WCM"]
[WhiteElo "2120"]
[BlackElo "1780"]
[WhiteTeam "Belarus"]
[BlackTeam "Azerbaijan 3"]
[WhiteFideId "13502638"]
[BlackFideId "13412590"]
[EventDate "2016.09.02"]

1. d4 d5 2. c4 e6 3. Nf3 Nf6 4. g3 Be7 5. Bg2 O-O 6. O-O dxc4 7. Qc2 a6 8. Qxc4
b5 9. Qc2 Bb7 10. Bd2 Be4 11. Qc1 Bb7 12. a3 Nbd7 13. Ba5 Nb6 14. Nbd2 Rc8 15.
b4 Ne4 16. Ne5 Qxd4 17. Ndf3 Qc3 18. Qb1 Nd2 19. Nxd2 Bxg2 20. Kxg2 Qxe5 21. e3
Qd5+ 22. Nf3 Nc4 23. Rd1 Qb7 24. Rd4 Bf6 25. Rxc4 bxc4 26. Ra2 Rfd8 27. e4 Rd3
28. Qe1 Rcd8 29. h4 c3 30. h5 h6 31. Rc2 Qb5 32. e5 Qc6 33. Qe2 Bxe5 34. Kh2
Qxf3 35. Qxe5 Rd1 0-1

[Event "Olimpiade 2016 - Donne"]
[Site "Baku"]
[Date "12.09.2016"]
[Round "10.19"]
[Board "1"]
[White "Geldiyeva, Mahri"]
[Black "Arribas Robaina, Maritza"]
[Result "1/2-1/2"]
[WhiteTitle "WGM"]
[BlackTitle "WGM"]
[WhiteElo "2285"]
[BlackElo "2315"]
[WhiteTeam "Turkmenistan"]
[BlackTeam "Cuba"]
[WhiteFideId "14000059"]
[BlackFideId "3501418"]
[EventDate "2016.09.02"]

1. d4 Nf6 2. Nf3 e6 3. e3 b6 4. Bd3 Bb7 5. Nbd2 d5 6. Ne5 Bd6 7. f4 Ne4 8. O-O
O-O 9. Rf3 f5 10. Rh3 Nd7 11. Ndf3 Qe7 12. Bd2 c5 13. c3 Nxe5 14. fxe5 Bc7 15.
Be1 Bc6 16. Bh4 Qe8 17. Nd2 Bb5 18. Nxe4 fxe4 19. Bxb5 Qxb5 20. Qg4 Rf5 21. Bf6
Qd7 22. Rg3 g6 23. Qh4 Rf8 24. Rg5 Bd8 25. Rxf5 exf5 26. Bxd8 Qxd8 27. Qxd8 Rxd8
28. a4 cxd4 29. exd4 Kf7 30. g3 g5 31. Kf2 Ke6 32. Ke3 Rf8 33. Rf1 Rf7 34. Rf2
Rf8 1/2-1/2

[Event "Olimpiade 2016 - Donne"]
[Site "Baku"]
[Date "12.09.2016"]
[Round "10.19"]
[Board "2"]
[White "Marrero Lopez, Yaniet"]
[Black "Ovezdurdiyeva, Jemal"]
[Result "1-0"]
[WhiteTitle "WGM"]
[BlackTitle "WFM"]
[WhiteElo "2281"]
[BlackElo "2031"]
[WhiteTeam "Cuba"]
[BlackTeam "Turkmenistan"]
[WhiteFideId "3503950"]
[BlackFideId "14001888"]
[EventDate "2016.09.02"]

1. e4 c5 2. Nf3 d6 3. d4 cxd4 4. Nxd4 Nf6 5. Nc3 a6 6. Qf3 g6 7. h3 Bg7 8. Be3
Nc6 9. Nxc6 bxc6 10. e5 Nd5 11. Nxd5 cxd5 12. Qxd5 Be6 13. Qc6+ Bd7 14. Qf3 Bxe5
15. Bc4 O-O 16. Bh6 Qa5+ 17. c3 Bg7 18. Bxg7 Kxg7 19. O-O Rac8 20. Qe2 Rc6 21.
Qxe7 Bxh3 22. Qe4 Bd7 23. Bd5 Rcc8 24. Qd4+ Kg8 25. b4 Qc7 26. c4 Be6 27. Rac1
Rfe8 28. Bf3 Red8 29. Rfd1 Qe7 30. a4 Qd7 31. b5 d5 32. cxd5 Rxc1 33. Rxc1 axb5
34. Qf6 Bf5 35. axb5 Rb8 36. b6 Qb5 37. Rc7 Bd7 38. Bg4 Be8 39. Be6 Qxb6 40.
Bxf7+ Kf8 41. Qh8# 1-0

[Event "Olimpiade 2016 - Donne"]
[Site "Baku"]
[Date "12.09.2016"]
[Round "10.19"]
[Board "3"]
[White "Atabayeva, Gozel"]
[Black "Llaudy Pupo, Lisandra"]
[Result "0-1"]
[WhiteTitle "WFM"]
[BlackTitle "WIM"]
[WhiteElo "2021"]
[BlackElo "2269"]
[WhiteTeam "Turkmenistan"]
[BlackTeam "Cuba"]
[WhiteFideId "14001896"]
[BlackFideId "3506487"]
[EventDate "2016.09.02"]

1. d4 Nf6 2. Nf3 e6 3. e3 b6 4. Bd3 Bb7 5. Nbd2 c5 6. b3 Nc6 7. a3 cxd4 8. exd4
Nd5 9. Ne4 Qc7 10. c4 Nf4 11. Bxf4 Qxf4 12. g3 Qc7 13. O-O Be7 14. Re1 d5 15.
cxd5 exd5 16. Nc3 Qd8 17. Ne5 Nxe5 18. Rxe5 O-O 19. h4 Bf6 20. Re3 g6 21. Ne2
Re8 22. Qd2 Qd6 23. h5 Rxe3 24. Qxe3 Qe7 25. Qf3 Bg5 26. g4 Qe6 27. Qg3 Re8 28.
f4 Qe3+ 29. Qxe3 Rxe3 30. Rd1 Bh4 31. hxg6 hxg6 32. f5 gxf5 33. gxf5 Kg7 34. Kg2
Kf6 35. Nf4 Rg3+ 36. Kh2 Rf3 37. Nh5+ Kg5 38. Ng7 Re3 39. Rd2 Bc8 40. Bc2 Kh6
41. f6 Bxf6 42. Nf5+ Bxf5 43. Bxf5 Rxb3 44. a4 Rb4 45. Bd7 Bxd4 46. Kh3 Kg5 47.
Rg2+ Kf6 48. Rg8 Bc5 49. Kg3 Re4 50. Bc6 Re3+ 51. Kf4 d4 52. Rd8 Re6 53. Bb5
Bd6+ 54. Kf3 Re3+ 55. Kf2 Bc5 56. Kf1 Kg5 57. Rd7 Re7 58. Rd5+ Kf4 59. Rh5 Re3
60. Rd5 f5 61. Rd7 Re7 62. Rxe7 Bxe7 63. Ke2 Kg3 64. Bd3 f4 0-1

[Event "Olimpiade 2016 - Donne"]
[Site "Baku"]
[Date "12.09.2016"]
[Round "10.19"]
[Board "4"]
[White "Hernandez Moya, Yuleisy"]
[Black "Hallaeva, Bahar"]
[Result "1/2-1/2"]
[WhiteTitle "WIM"]
[BlackTitle "WFM"]
[WhiteElo "2264"]
[BlackElo "2103"]
[WhiteTeam "Cuba"]
[BlackTeam "Turkmenistan"]
[WhiteFideId "3511685"]
[BlackFideId "14000679"]
[EventDate "2016.09.02"]

1. e4 e5 2. Nf3 Nc6 3. Bc4 Nf6 4. d3 Bc5 5. O-O h6 6. Nbd2 O-O 7. c3 a6 8. a4 d6
9. h3 Ba7 10. Re1 Ne7 11. Nf1 Ng6 12. Ng3 Be6 13. Bb3 Re8 14. d4 Bd7 15. Be3 Bc6
16. Bc2 Qc8 17. Qd2 Kh7 18. Rad1 b5 19. dxe5 Bxe3 20. Qxe3 dxe5 21. a5 Qe6 22.
b4 Nf4 23. Nd2 g6 24. Nb3 Qe7 25. Qc5 Qe6 26. Qe3 Qe7 27. Rd2 Kg7 28. Red1 Ne6
29. Ne2 Nd7 30. Nec1 Nf6 31. f3 Nd7 32. Nd3 Rab8 33. Nf2 h5 34. Kh2 h4 35. Ng4
Nf4 36. Qa7 Rb7 37. Qf2 Rbb8 38. Qa7 Rb7 39. Qf2 Rbb8 40. Ne3 Rh8 41. Kh1 Ra8
42. Ng4 Rhe8 43. Qe3 Rh8 44. Bb1 Rh5 45. Qe1 Ne6 46. Ne3 Nf4 47. Ng4 Ne6 48. Ne3
Nf4 1/2-1/2

[Event "Olimpiade 2016 - Donne"]
[Site "Baku"]
[Date "12.09.2016"]
[Round "10.20"]
[Board "1"]
[White "Golubenko, Valentina"]
[Black "Latreche, Sabrina"]
[Result "1-0"]
[WhiteTitle "WGM"]
[BlackTitle "WIM"]
[WhiteElo "2245"]
[BlackElo "2059"]
[WhiteTeam "Croatia"]
[BlackTeam "Algeria"]
[WhiteFideId "4501993"]
[BlackFideId "7901798"]
[EventDate "2016.09.02"]

1. d4 f5 2. g3 Nf6 3. Bg2 e6 4. c4 Bb4+ 5. Bd2 Bxd2+ 6. Nxd2 c5 7. Ngf3 cxd4 8.
Nxd4 a6 9. c5 d5 10. cxd6 Qxd6 11. Rc1 O-O 12. Qb3 Qxd4 13. Rxc8 Qd7 14. Rxf8+
Kxf8 15. Bxb7 Ra7 16. Bg2 Nc6 17. O-O Nd4 18. Qb4+ Kf7 19. Nc4 Nxe2+ 20. Kh1 Qc7
21. Re1 a5 22. Qa4 Rb7 23. Qc6 Ne4 24. Bxe4 fxe4 25. Qxb7 1-0

[Event "Olimpiade 2016 - Donne"]
[Site "Baku"]
[Date "12.09.2016"]
[Round "10.20"]
[Board "2"]
[White "Mezioud, Amina"]
[Black "Saric, Kristina"]
[Result "0-1"]
[WhiteTitle "WIM"]
[BlackTitle "WIM"]
[WhiteElo "2043"]
[BlackElo "2201"]
[WhiteTeam "Algeria"]
[BlackTeam "Croatia"]
[WhiteFideId "7900970"]
[BlackFideId "14507323"]
[EventDate "2016.09.02"]

1. e4 c5 2. c3 Nf6 3. e5 Nd5 4. d4 cxd4 5. Nf3 e6 6. cxd4 b6 7. Nc3 Nxc3 8. bxc3
Qc7 9. Bd2 Bb7 10. Bd3 d6 11. O-O Be7 12. Rc1 Nd7 13. Re1 dxe5 14. Nxe5 Nxe5 15.
Rxe5 Bf6 16. Bb5+ Bc6 17. Qf3 Rc8 18. Bxc6+ Qxc6 19. d5 Qd6 20. Re2 O-O 21. dxe6
fxe6 22. Qe4 Rfd8 23. g3 Qd5 24. Bf4 Qxe4 25. Rxe4 Kf7 26. Be5 Bxe5 27. Rxe5 Rd5
28. Rxd5 exd5 29. Rd1 Ke6 30. Rd3 Rc4 31. Kf1 b5 32. Ke2 Kd6 33. f4 Re4+ 34. Kf3
Ra4 35. Rd2 Ra3 36. Rc2 b4 37. Ke2 Rxc3 38. Rd2 a5 39. g4 a4 40. f5 Ke5 41. g5
Rh3 42. Kd1 Rf3 0-1

[Event "Olimpiade 2016 - Donne"]
[Site "Baku"]
[Date "12.09.2016"]
[Round "10.20"]
[Board "3"]
[White "Deur Saric, Zrinka"]
[Black "Abdi, Zineb Dina"]
[Result "1/2-1/2"]
[WhiteTitle "WFM"]
[BlackTitle "WIM"]
[WhiteElo "2185"]
[BlackElo "1953"]
[WhiteTeam "Croatia"]
[BlackTeam "Algeria"]
[WhiteFideId "14512670"]
[BlackFideId "7900880"]
[EventDate "2016.09.02"]

1. e4 c5 2. Nf3 g6 3. d4 d6 4. Bb5+ Bd7 5. Bxd7+ Qxd7 6. dxc5 dxc5 7. O-O Bg7 8.
Qe2 Nc6 9. Rd1 Nd4 10. Nxd4 cxd4 11. c3 e5 12. cxd4 exd4 13. Nc3 Ne7 14. Bg5 O-O
15. Bxe7 Qxe7 16. Nd5 Qd7 17. Nf4 Rfe8 18. Nd3 Qe7 19. Re1 Rac8 20. Qd2 Qh4 21.
g3 Qg4 22. Qf4 Qxf4 23. Nxf4 Rc2 24. Rab1 Bf8 25. a3 Rd2 26. Kf1 Re5 27. Re2
Rxe2 28. Kxe2 Rxe4+ 29. Kd3 f5 30. Rc1 Bd6 31. Ne2 Kf7 32. Nxd4 Be5 33. Nf3 Bxb2
34. Rb1 Bf6 35. Rxb7+ Re7 36. Rxe7+ Bxe7 37. a4 1/2-1/2

[Event "Olimpiade 2016 - Donne"]
[Site "Baku"]
[Date "12.09.2016"]
[Round "10.20"]
[Board "4"]
[White "Toubal, Hayat"]
[Black "Vujnovic, Patricija"]
[Result "0-1"]
[WhiteTitle "WIM"]
[WhiteElo "1921"]
[BlackElo "2137"]
[WhiteTeam "Algeria"]
[BlackTeam "Croatia"]
[WhiteFideId "7901631"]
[BlackFideId "14502313"]
[EventDate "2016.09.02"]

1. d4 f5 2. Nf3 Nf6 3. g3 g6 4. Bg2 Bg7 5. O-O O-O 6. c3 c6 7. Qb3+ Kh8 8. Bf4
Qe8 9. Nbd2 h6 10. h4 d6 11. Nc4 Ne4 12. a4 Nd7 13. Rad1 Ndf6 14. Qc2 b5 15.
Ncd2 bxa4 16. Qxa4 Nd5 17. Rfe1 Bd7 18. Qc2 Kh7 19. Bh3 e5 20. dxe5 dxe5 21.
Nxe4 exf4 22. Nd6 Qe7 23. Nc4 fxg3 24. fxg3 Qc5+ 25. Rd4 Rae8 26. Kh2 Bxd4 27.
cxd4 Qe7 28. Nfe5 c5 29. e3 Be6 30. Nc6 Nb4 31. Nxb4 cxb4 32. Ne5 Rc8 33. Qb1 b3
34. Re2 Bd5 35. h5 Be4 36. hxg6+ Kg7 37. Qe1 Rc2 38. Bf1 Rfc8 39. Kh3 Qg5 0-1

[Event "Olimpiade 2016 - Donne"]
[Site "Baku"]
[Date "12.09.2016"]
[Round "10.21"]
[Board "1"]
[White "Abdumalik, Zhansaya"]
[Black "Calzetta Ruiz, Monica"]
[Result "1-0"]
[WhiteTitle "WGM"]
[BlackTitle "WGM"]
[WhiteElo "2389"]
[BlackElo "2249"]
[WhiteTeam "Kazakhstan"]
[BlackTeam "Spain"]
[WhiteFideId "13703544"]
[BlackFideId "2204185"]
[EventDate "2016.09.02"]

1. e4 e5 2. Nf3 Nc6 3. Bb5 Nge7 4. Nc3 g6 5. d4 exd4 6. Nd5 Bg7 7. Bg5 h6 8. Bf6
Bxf6 9. Nxf6+ Kf8 10. Nxd4 Nf5 11. exf5 Qxf6 12. Bxc6 dxc6 13. fxg6 Kg7 14. gxf7
Rd8 15. f8=Q+ Rxf8 16. Nf3 Re8+ 17. Kf1 Bf5 18. h3 Rad8 19. Qc1 Be4 20. Ne1 Kh7
21. a4 Rd4 22. a5 Qd6 23. c4 Rd2 24. Qc3 Bg6 25. Kg1 Ree2 26. c5 Qf4 27. Nf3 Rd3
28. Qc1 Qf6 29. h4 Rxb2 30. Rh3 Rdb3 31. Kh2 Rb4 32. Qe1 Qf4+ 33. Rg3 Qe4 34.
Qc3 R4b3 35. Qf6 Rxf3 36. gxf3 Rxf2+ 37. Kg1 Qc2 38. Qxg6+ 1-0